Orientación y cambio socio-cultural: conferencias y ponencias centrales del seminario internacional de orientación vocacional
Guardado en:
| Autor Corporativo: | |
|---|---|
| Formato: | Libro |
| Lenguaje: | español inglés |
| Publicado: |
Buenos Aires
Universidad de Buenos Aires
1999
|
| Edición: | 1a. ed |
| Materias: | |
| Etiquetas: |
Agregar Etiqueta
Sin Etiquetas, Sea el primero en etiquetar este registro!
|
MARC
| LEADER | 00000nam a2200000 a 4500 | ||
|---|---|---|---|
| 001 | UCL8496 | ||
| 003 | CL-VaPUC | ||
| 005 | 20250228145545.0 | ||
| 008 | 040625e19990000ag 1 spa d | ||
| 020 | |a 9879788702 | ||
| 041 | 0 | 7 | |a spa |2 CL-VaPUC |
| 041 | 0 | 7 | |a eng |2 CL-VaPUC |
| 082 | 0 | 4 | |a 371.42 |b ASO |2 21 |
| 110 | 2 | |a Asociación Internacional para la Orientación Educativa y Profesional |e author |9 620600 | |
| 245 | 1 | 0 | |a Orientación y cambio socio-cultural: conferencias y ponencias centrales del seminario internacional de orientación vocacional |
| 246 | 1 | 0 | |a Guidance and socio-cultural changes |
| 250 | |a 1a. ed | ||
| 260 | |a Buenos Aires |b Universidad de Buenos Aires |c 1999 | ||
| 300 | |a 201 p | ||
| 583 | |a last modification |c 20190823 10:18:31 |k Rodrigo Vera | ||
| 650 | 0 | 0 | |a Orientación vocacional |9 255692 |
| 650 | 0 | 0 | |a Cambio social |9 256857 |
| 650 | 0 | 0 | |a Sociología de la educación |9 260380 |
| 942 | |c BK | ||
| 945 | |a cmena |d 20040625 00:00:00 | ||
| 546 | |a En Español | ||
| 546 | |a En Inglés | ||
| 536 | |a AOUNAR | ||
| 536 | |a APORA | ||
| 518 | |p Seminario Internacional de Orientación Vocacional, 1, Buenos Aires, noviembre de 1995 | ||
| 999 | |c 384051 |d 384049 | ||
| 952 | |0 0 |1 0 |4 0 |6 371_420000000000000_ASO_1999 |7 0 |8 A |9 506469 |a BIBEDU |b BIBEDU |d 2020-01-23 |i 4031733 |o 371.42 ASO 1999 |p 4031733 |r 2020-01-23 |w 2020-01-23 |y BK |k BME | ||